[Event "London Classic - FIDE Open"]
[Site "Olympia"]
[Date "2009.12.09"]
[Round "2.7"]
[White "Barle, Janez"]
[Black "Roberson, Peter T"]
[Result "0-1"]
[WhiteElo "2420"]
[BlackElo "2236"]
[PlyCount "73"]
[EventDate "2009.??.??"]

1. e4 e6 2. Nf3 d5 3. Nc3 Nc6 4. Bb5 a6 5. Bxc6+ bxc6 6. d4 Nf6 7. Bg5 h6 8.
Bxf6 Qxf6 9. O-O Rb8 10. Ne5 Rxb2 11. Nxc6 dxe4 12. Ne5 Qf5 13. Qe2 Be7 14.
Nxe4 O-O 15. Rfb1 Rxb1+ 16. Rxb1 Re8 17. Rb3 Qf4 18. g3 Qc1+ 19. Kg2 Bd6 20.
Nd3 Qa1 21. c3 Bd7 22. Ndc5 Bxc5 23. Nxc5 Bb5 24. c4 Bc6+ 25. f3 a5 26. Rd3 Qc1
27. Re3 Rd8 28. Nb3 Qb1 29. Nxa5 Ra8 30. Rb3 Qa1 31. Qd2 Be8 32. c5 e5 33. d5
Ba4 34. Ra3 Bd7 35. c6 Bf5 36. Nc4 Rd8 37. d6 {White overstepped the time limit
} 0-1

[Event "London Classic - FIDE Open"]
[Site "Olympia"]
[Date "2009.12.09"]
[Round "2.8"]
[White "Harari, Zaki"]
[Black "McDonald, Neil"]
[Result "0-1"]
[WhiteElo "2218"]
[BlackElo "2412"]
[PlyCount "102"]
[EventDate "2009.??.??"]

1. d4 d5 2. c4 e6 3. Nc3 Be7 4. Nf3 Nf6 5. e3 O-O 6. Bd3 c5 7. O-O Nc6 8. a3 b6
9. cxd5 exd5 10. h3 Bb7 11. Bd2 g6 12. Rc1 Rc8 13. Ne2 Ne4 14. Be1 Bf6 15. b4
cxd4 16. exd4 Re8 17. b5 Ne7 18. Bb4 Rxc1 19. Qxc1 Nf5 20. Qf4 Bg7 21. g4 Bh6
22. Qh2 Nfd6 23. h4 Nc4 24. g5 Bf8 25. Bxf8 Kxf8 26. Qf4 Qd6 27. a4 Qxf4 28.
Nxf4 Nc3 29. Rc1 Nxa4 30. Ra1 Nc3 31. Rxa7 Re7 32. Ra1 Nxb5 33. Rc1 Nbd6 34. h5
Re8 35. Kg2 b5 36. Rh1 Kg7 37. h6+ Kf8 38. Rb1 Bc6 39. Rb3 Ne4 40. Rb1 Ra8 41.
Ne5 Nxe5 42. dxe5 Nxg5 43. Bxb5 Rb8 44. Bd3 Re8 45. Rb6 Ba8 46. Bb5 d4+ 47. Kf1
Rxe5 48. Nd3 Rf5 49. Bd7 Ra5 50. Rd6 Ra1+ 51. Ne1 Nf3 0-1

[Event "London Classic - FIDE Open"]
[Site "Olympia"]
[Date "2009.12.09"]
[Round "2.10"]
[White "Barrett, Stephen J"]
[Black "Crawley, Gavin"]
[Result "0-1"]
[WhiteElo "2202"]
[BlackElo "2407"]
[PlyCount "94"]
[EventDate "2009.??.??"]

1. d4 Nf6 2. c4 g6 3. Nc3 Bg7 4. e4 d6 5. f4 c5 6. d5 O-O 7. Nf3 e6 8. Be2 exd5
9. cxd5 Bg4 10. O-O Nbd7 11. Re1 Re8 12. h3 Bxf3 13. Bxf3 a6 14. g4 h6 15. h4
b5 16. e5 dxe5 17. g5 exf4 18. Bxf4 hxg5 19. hxg5 Rxe1+ 20. Qxe1 Nh5 21. Bxh5
gxh5 22. d6 Ne5 23. Bxe5 Qxg5+ 24. Bg3 Bxc3 25. bxc3 h4 26. d7 Qxg3+ 27. Qxg3+
hxg3 28. a4 Rd8 29. axb5 axb5 30. Ra7 Kf8 31. Rb7 Ke7 32. Rxb5 Kd6 33. Rb6+ Kd5
34. Rf6 Rxd7 35. Rf3 Kc4 36. Rxg3 Rd3 37. Rg7 f5 38. Rg5 f4 39. Kf2 f3 40. Rg8
Kxc3 41. Rc8 c4 42. Ke1 Kb3 43. Rb8+ Kc2 44. Rc8 c3 45. Rc7 Rd2 46. Rc8 Kb2 47.
Rb8+ Kc1 0-1

[Event "London Classic - FIDE Open"]
[Site "Olympia"]
[Date "2009.12.09"]
[Round "2.11"]
[White "Gullaksen, Eirik"]
[Black "Lasinskas, Povilas"]
[Result "1-0"]
[WhiteElo "2400"]
[BlackElo "2187"]
[PlyCount "141"]
[EventDate "2009.??.??"]

1. e4 e5 2. Nf3 Nc6 3. Bb5 a6 4. Ba4 d6 5. c3 Nge7 6. d4 Bd7 7. d5 Nb8 8. Bxd7+
Nxd7 9. c4 g6 10. Nc3 Bg7 11. Be3 Nf6 12. Nd2 O-O 13. O-O Nd7 14. b4 f5 15. f3
Nf6 16. c5 f4 17. Bf2 g5 18. Rc1 Qe8 19. Nc4 Nc8 20. g4 fxg3 21. hxg3 g4 22.
cxd6 Nxd6 23. Nxd6 cxd6 24. Bb6 gxf3 25. Rxf3 Qg6 26. Qd3 Nh5 27. Ne2 Rxf3 28.
Qxf3 Rf8 29. Qg2 Nf6 30. Rc4 Bh6 31. Nc3 Ng4 32. Nd1 Qh5 33. Rc3 Kh8 34. Nf2
Nxf2 35. Bxf2 Qe2 36. Rb3 Bd2 37. Rb2 Rc8 38. Qf1 Qxf1+ 39. Kxf1 Bc1 40. Rb3
Rc4 41. Be1 Bg5 42. Rc3 Rxe4 43. Rc7 b6 44. Rd7 Rc4 45. Rxd6 Rc1 46. Ke2 e4 47.
Rc6 Rb1 48. Bc3+ Kg8 49. a4 Rb3 50. Kd1 Rb1+ 51. Kc2 Rc1+ 52. Kb2 Rd1 53. Rxb6
Rxd5 54. Rxa6 Kf7 55. Ra7+ Kg6 56. Rg7+ Kh6 57. Rg8 e3 58. Re8 Kh5 59. a5 Kg4
60. a6 Rd7 61. b5 Bd8 62. a7 Rxa7 63. Rxd8 Rb7 64. Rd5 Kxg3 65. Kb3 Kg4 66. Kc4
h5 67. Re5 h4 68. Rxe3 h3 69. Be5 Re7 70. Kd5 Rd7+ 71. Bd6 1-0

[Event "London Classic - FIDE Open"]
[Site "Olympia"]
[Date "2009.12.09"]
[Round "2.12"]
[White "Maduekwe, Chiedu"]
[Black "Quillan, Gary"]
[Result "1-0"]
[WhiteElo "2182"]
[BlackElo "2394"]
[PlyCount "65"]
[EventDate "2009.??.??"]

1. d4 e6 2. c4 Nf6 3. Nf3 c5 4. d5 exd5 5. cxd5 d6 6. Nc3 g6 7. h3 Bg7 8. e4
O-O 9. Bd3 a6 10. a4 Nbd7 11. O-O Qe7 12. Re1 h6 13. Bf4 Ne8 14. a5 Rb8 15. Na4
g5 16. Bg3 Ne5 17. Be2 Bd7 18. Nxe5 Bxe5 19. Bxe5 Qxe5 20. Nb6 Rd8 21. Qb3 Nf6
22. Nc4 Qxe4 23. Nxd6 Qf4 24. Nxb7 Rb8 25. Bxa6 Bc8 26. Re7 Nd7 27. Rae1 Qc7
28. d6 Qc6 29. Rxf7 Rxb7 30. Rxf8+ Kxf8 31. Qc3 Ne5 32. Qxe5 Rg7 33. Qf6+ 1-0

[Event "London Classic - FIDE Open"]
[Site "Olympia"]
[Date "2009.12.09"]
[Round "2.13"]
[White "Almond, Richard J"]
[Black "Houska, Jovanka"]
[Result "0-1"]
[WhiteElo "2174"]
[BlackElo "2391"]
[PlyCount "134"]
[EventDate "2009.??.??"]

1. d4 Nf6 2. c4 c6 3. Nc3 d5 4. Nf3 a6 5. c5 Bf5 6. Bf4 Nbd7 7. e3 e6 8. Nd2
Be7 9. Be2 h6 10. b4 Qc8 11. O-O O-O 12. a4 b6 13. cxb6 Bxb4 14. Qb3 a5 15. Bd6
Bc2 16. b7 Bxb3 17. bxc8=Q Rfxc8 18. Bxb4 axb4 19. Nxb3 bxc3 20. Rfc1 c5 21.
Rxc3 Ne4 22. Rc2 c4 23. Nd2 Nxd2 24. Rxd2 Rcb8 25. Kf1 Ra5 26. Ke1 Rb4 27. Rda2
Nb8 28. Kd2 Nc6 29. Bd1 Kf8 30. Bc2 Ke7 31. Kc3 f6 32. Rb1 Rxb1 33. Bxb1 Ra6
34. Bc2 Rb6 35. Bd1 Kd6 36. Rb2 Kc7 37. Rxb6 Kxb6 38. Bg4 Nd8 39. Kb4 g6 40. h3
Nc6+ 41. Kc3 f5 42. Bd1 Ka5 43. g4 Ne7 44. f3 Nc8 45. h4 Nb6 46. f4 Nc8 47. h5
gxh5 48. gxf5 exf5 49. Bxh5 Kxa4 50. Bf7 Ne7 51. Be8+ Ka5 52. Bf7 Kb5 53. Be8+
Kb6 54. Kb4 Nc6+ 55. Kc3 Kc7 56. Bh5 Kd6 57. Bf3 Ke6 58. Bd1 Nb8 59. Kb4 Nd7
60. Bf3 Nf6 61. Kc5 h5 62. Kb4 Ng4 63. Kc3 h4 64. e4 dxe4 65. Bg2 Ne3 66. Bh3
Kd5 67. Kd2 Kxd4 0-1

[Event "London Classic - FIDE Open"]
[Site "Olympia"]
[Date "2009.12.09"]
[Round "2.14"]
[White "Quinn, John M"]
[Black "Buckley, Graeme N"]
[Result "0-1"]
[WhiteElo "2161"]
[BlackElo "2388"]
[PlyCount "48"]
[EventDate "2009.??.??"]

1. d4 Nf6 2. c4 e6 3. Nc3 Bb4 4. Qc2 d5 5. cxd5 exd5 6. Bg5 c5 7. dxc5 h6 8.
Bh4 g5 9. Bg3 Ne4 10. e3 Qa5 11. Be5 O-O 12. Bd3 Nc6 13. Bxe4 Nxe5 14. Bxd5 Bf5
15. e4 Qxc5 16. Rd1 Rad8 17. a3 Rxd5 18. axb4 Rxd1+ 19. Qxd1 Qc4 20. Qd5 Nd3+
21. Kf1 Be6 22. Qxc4 Bxc4 23. Nge2 Rd8 24. h4 Nf4 0-1

[Event "London Classic - FIDE Open"]
[Site "Olympia"]
[Date "2009.12.09"]
[Round "2.15"]
[White "Ansell, Simon T"]
[Black "Franklin, Michael J"]
[Result "1/2-1/2"]
[WhiteElo "2387"]
[BlackElo "2181"]
[PlyCount "122"]
[EventDate "2009.??.??"]

1. e4 c5 2. Nf3 a6 3. c3 d6 4. d4 Nd7 5. Bg5 Qc7 6. Nbd2 e6 7. Bd3 Ne7 8. h4 h6
9. Be3 Nc6 10. Nf1 Nf6 11. Ng3 Be7 12. O-O e5 13. d5 Nb8 14. Nh2 h5 15. b4 b6
16. bxc5 bxc5 17. Bc2 Ng4 18. Ba4+ Kf8 19. Nxg4 Bxg4 20. f3 Bc8 21. Bg5 Bxg5
22. hxg5 g6 23. Ne2 Qe7 24. Qd2 Bd7 25. Bb3 Kg7 26. f4 exf4 27. Qxf4 Be8 28.
Qf6+ Qxf6 29. Rxf6 Nd7 30. Rxd6 Ne5 31. Nf4 a5 32. Bc2 Bb5 33. Rb1 Bc4 34. a4
Rhc8 35. Rb7 Kf8 36. Rdb6 Ba6 37. Rxa6 Rxa6 38. Nd3 Nxd3 39. Bxd3 c4 40. Be2
Raa8 41. d6 Rc5 42. Kf2 Rd8 43. Rb6 Rxg5 44. Bxc4 Rc5 45. Bb5 Rxc3 46. d7 Ke7
47. Ra6 Rc5 48. Ke3 Rg5 49. Kf3 h4 50. Ra7 Rg3+ 51. Kf2 Ra3 52. Rxa5 g5 53. Bc6
f6 54. Rd5 g4 55. Rh5 g3+ 56. Kf1 Ra1+ 57. Ke2 Ra2+ 58. Ke3 Rxg2 59. Rxh4 Rc2
60. Rh7+ Kd6 61. Bb5 g2 1/2-1/2

[Event "London Classic - FIDE Open"]
[Site "Olympia"]
[Date "2009.12.09"]
[Round "2.16"]
[White "Gavriel, Tryfon C"]
[Black "Pcola, Pavol"]
[Result "0-1"]
[WhiteElo "2153"]
[BlackElo "2386"]
[PlyCount "60"]
[EventDate "2009.??.??"]

1. e4 e6 2. d4 d5 3. Nd2 Nf6 4. e5 Nfd7 5. f4 c5 6. Ngf3 Nc6 7. Nb3 b6 8. dxc5
bxc5 9. c4 d4 10. Bd3 Bb7 11. O-O g6 12. Bd2 Be7 13. a3 Qc7 14. Qe1 a5 15. Nc1
a4 16. Be4 Nb6 17. Bd3 Ba6 18. Qe2 O-O 19. g4 f6 20. exf6 Bxf6 21. Qxe6+ Kh8
22. g5 Bg7 23. Qh3 Bc8 24. Qg2 Be6 25. Nh4 Bxc4 26. f5 gxf5 27. Nxf5 Ne5 28.
Bxc4 Nbxc4 29. Nxg7 Rxf1+ 30. Qxf1 Nxd2 0-1

[Event "London Classic - FIDE Open"]
[Site "Olympia"]
[Date "2009.12.09"]
[Round "2.17"]
[White "Hennigan, Michael T"]
[Black "Friedland, Jon S"]
[Result "1-0"]
[WhiteElo "2385"]
[BlackElo "2162"]
[PlyCount "67"]
[EventDate "2009.??.??"]

1. g3 d6 2. Bg2 e5 3. c4 Be7 4. Nc3 f5 5. e3 Nf6 6. Nge2 O-O 7. O-O Nc6 8. f4
Qe8 9. d3 Bd7 10. Nd5 Bd8 11. Bd2 Ne7 12. Nxf6+ Rxf6 13. Bxb7 Rb8 14. Bf3 Rh6
15. Bc3 Bc6 16. fxe5 Bxf3 17. Rxf3 Qh5 18. Rf2 dxe5 19. Bxe5 Nc6 20. Bc3 Qe8
21. Qd2 Re6 22. Rxf5 Rxe3 23. Raf1 Bf6 24. Rxf6 gxf6 25. Nf4 Rd8 26. Nd5 Rxd5
27. cxd5 Re2 28. Qf4 Qh5 29. h4 Ne5 30. Qxf6 Qe8 31. h5 Re3 32. Qg5+ Ng6 33.
hxg6 h6 34. Rf8+ 1-0

[Event "London Classic - FIDE Open"]
[Site "Olympia"]
[Date "2009.12.09"]
[Round "2.18"]
[White "McKerracher, Douglas"]
[Black "Madan, Augustin"]
[Result "1-0"]
[WhiteElo "1957"]
[BlackElo "2384"]
[PlyCount "80"]
[EventDate "2009.??.??"]

1. e4 c5 2. Nc3 a6 3. g3 b5 4. Bg2 Bb7 5. d3 e6 6. Nf3 Nc6 7. O-O d6 8. Re1
Nge7 9. Be3 e5 10. Nd5 Nxd5 11. exd5 Ne7 12. c4 bxc4 13. dxc4 f6 14. Nh4 g6 15.
f4 Bg7 16. fxe5 fxe5 17. Rf1 Qd7 18. Be4 Rf8 19. Qd3 O-O-O 20. a3 Ng8 21. b4
Qc7 22. bxc5 dxc5 23. Nf3 h6 24. Rab1 Nf6 25. Bxg6 e4 26. Bf5+ Rd7 27. Qb3 Ne8
28. Bf4 Rxf5 29. Bxc7 Rxc7 30. Nh4 Bd4+ 31. Kg2 Re5 32. Rf5 Ree7 33. Rf8 e3 34.
Nf5 e2 35. Nxe7+ Rxe7 36. Rxe8+ Rxe8 37. Qxb7+ Kd8 38. Qb8+ Ke7 39. Rb7+ Kf8
40. Qf4+ Kg8 1-0

[Event "London Classic - FIDE Open"]
[Site "Olympia"]
[Date "2009.12.09"]
[Round "2.20"]
[White "Pupier, Terry"]
[Black "Lagerman, Robert"]
[Result "0-1"]
[WhiteElo "1940"]
[BlackElo "2358"]
[PlyCount "42"]
[EventDate "2009.??.??"]

1. e4 e5 2. Nf3 Nc6 3. Bb5 a6 4. Ba4 Nf6 5. O-O Nxe4 6. d4 b5 7. Bb3 d5 8. dxe5
Be6 9. c3 Bc5 10. Bc2 O-O 11. Qe2 Re8 12. Be3 Bg4 13. Bxc5 Nxc5 14. Qe3 Bxf3
15. gxf3 Nxe5 16. Qxc5 Qg5+ 17. Kh1 Nxf3 18. Bd1 Qf4 19. Bxf3 Qxf3+ 20. Kg1 Re6
21. Rc1 Rg6+ 0-1

[Event "London Classic - FIDE Open"]
[Site "Olympia"]
[Date "2009.12.09"]
[Round "2.21"]
[White "Crouch, Colin S"]
[Black "Warman, Simon M"]
[Result "0-1"]
[WhiteElo "2346"]
[BlackElo "2153"]
[PlyCount "112"]
[EventDate "2009.??.??"]

1. d4 c5 2. d5 d6 3. c4 g6 4. Nc3 Bg7 5. e4 Nf6 6. h3 O-O 7. Nf3 e6 8. Bd3 exd5
9. exd5 Re8+ 10. Be3 Na6 11. O-O Nc7 12. a4 a6 13. a5 Rb8 14. Qd2 b5 15. axb6
Rxb6 16. Bg5 Bd7 17. Qf4 Nh5 18. Bxd8 Nxf4 19. Bxc7 Rxb2 20. Rxa6 Bxc3 21. Rxd6
Bxh3 22. gxh3 Nxh3+ 23. Kh2 Nxf2 24. Rxf2 Rxf2+ 25. Kg3 Rb2 26. Rb6 Ra2 27. Rb8
Rxb8 28. Bxb8 f5 29. Kf4 Ra3 30. Ke3 Bg7 31. d6 Bh6+ 32. Ke2 Ra2+ 33. Kf1 Kf7
34. d7 Ke7 35. Ne5 Bg5 36. d8=Q+ Kxd8 37. Nf7+ Kc8 38. Nxg5 Kxb8 39. Nxh7 Kc7
40. Ng5 Kd6 41. Nf3 Ke6 42. Be2 Kf6 43. Ne1 Ke5 44. Nd3+ Kd4 45. Nf4 g5 46.
Ne6+ Ke3 47. Bh5 g4 48. Nxc5 Rh2 49. Bf7 f4 50. Bd5 f3 51. Kg1 Rd2 52. Ne4 Rd1+
53. Kh2 Kf4 54. Bb7 Rb1 55. Bd5 Rb2+ 56. Kg1 g3 0-1

[Event "London Classic - FIDE Open"]
[Site "Olympia"]
[Date "2009.12.09"]
[Round "2.22"]
[White "Rudd, Jack"]
[Black "Krawczyk, Andrzej"]
[Result "1-0"]
[WhiteElo "2296"]
[BlackElo "2152"]
[PlyCount "61"]
[EventDate "2009.??.??"]

1. e4 e6 2. d4 d5 3. Nd2 Nf6 4. e5 Nfd7 5. f4 c5 6. c3 Nc6 7. Ndf3 cxd4 8. cxd4
Qb6 9. a3 f6 10. b4 a6 11. Bd3 Be7 12. Ra2 O-O 13. h4 Qd8 14. Bb1 Nb6 15. Ng5
f5 16. Qh5 h6 17. Qg6 Bxg5 18. hxg5 Qe8 19. Qxe8 Rxe8 20. gxh6 gxh6 21. g4 Bd7
22. gxf5 exf5 23. Rxh6 Kg7 24. Rf6 Rf8 25. Rg2+ Kh7 26. Rd6 Rg8 27. Rxd7+ Nxd7
28. Bxf5+ Kh8 29. Rh2+ Kg7 30. Bxd7 Nxd4 31. Bb2 1-0

[Event "London Classic - FIDE Open"]
[Site "Olympia"]
[Date "2009.12.09"]
[Round "2.23"]
[White "Yekta, Alireza S"]
[Black "Storey, Charles H"]
[Result "1/2-1/2"]
[WhiteElo "1762"]
[BlackElo "2292"]
[PlyCount "122"]
[EventDate "2009.??.??"]

1. d4 g6 2. e3 Bg7 3. f4 d5 4. Nf3 c6 5. Bd3 Nh6 6. O-O Bf5 7. c3 Nd7 8. Qe2
O-O 9. b3 Re8 10. Bb2 Nf6 11. Nbd2 Bxd3 12. Qxd3 Nf5 13. Ne5 Nd6 14. c4 e6 15.
a4 Nfe4 16. c5 Nxd2 17. Qxd2 Ne4 18. Qe2 Qc7 19. Nd3 Kh8 20. Rac1 Rg8 21. Nf2
f5 22. Nxe4 fxe4 23. Qg4 Qe7 24. a5 a6 25. Bc3 Bf6 26. Be1 Rg7 27. h4 Rag8 28.
Qh3 h6 29. Rc2 Rh7 30. b4 Qd7 31. g4 Bd8 32. Rg2 Rf8 33. Bg3 Rhf7 34. Rgf2 Bc7
35. g5 hxg5 36. fxg5 Rxf2 37. Rxf2 Rxf2 38. Bxf2 Qf7 39. Qg2 e5 40. Bg3 exd4
41. Bxc7 Qxc7 42. exd4 Kg8 43. Qf2 Qe7 44. Qe3 Qf7 45. Qg3 Kh7 46. Qe5 Qd7 47.
Qf4 Qg7 48. Qf2 Qe7 49. Qe3 Kg8 50. Kg2 Qf7 51. Kg1 Qe6 52. Kf2 Qf5+ 53. Kg3
Qf1 54. Qf4 Qg1+ 55. Kh3 Qxd4 56. Qb8+ Kf7 57. Qxb7+ Kf8 58. Qc8+ Ke7 59. Qb7+
Kd8 60. Qb8+ Ke7 61. Qc7+ Kf8 1/2-1/2

[Event "London Classic - FIDE Open"]
[Site "Olympia"]
[Date "2009.12.09"]
[Round "2.24"]
[White "Britton, Richard L"]
[Black "Barton, R Alan"]
[Result "1-0"]
[WhiteElo "2254"]
[BlackElo "2119"]
[PlyCount "91"]
[EventDate "2009.??.??"]

1. c4 e5 2. a3 Nf6 3. d3 Be7 4. Nf3 d6 5. Nc3 O-O 6. g3 h6 7. Bg2 a5 8. O-O Na6
9. Rb1 Nc5 10. b4 axb4 11. axb4 Ne6 12. Nd5 Nxd5 13. cxd5 Ng5 14. Nxg5 hxg5 15.
Bd2 f5 16. Ra1 Rxa1 17. Qxa1 Bf6 18. Qa7 g6 19. Rc1 Rf7 20. h3 g4 21. hxg4 f4
22. f3 fxg3 23. Qe3 g5 24. Qe4 Bd7 25. Be1 c6 26. Bxg3 cxd5 27. Qxd5 Bc6 28.
Qc4 Kg7 29. Bf2 Qd7 30. Qa2 d5 31. Qa8 Rf8 32. Qa5 Bd8 33. Bb6 Bxb6+ 34. Qxb6
Rf7 35. Rc5 Qe6 36. b5 Bd7 37. Qxb7 e4 38. Qxd5 exf3 39. Qxe6 f2+ 40. Kf1 Bxe6
41. Bf3 Rf4 42. b6 Rb4 43. b7 Kf6 44. Rc8 Bxg4 45. b8=Q Bh3+ 46. Kxf2 1-0

[Event "London Classic - FIDE Open"]
[Site "Olympia"]
[Date "2009.12.09"]
[Round "2.25"]
[White "Cherniaev, Alexander"]
[Black "Ivens, Birger"]
[Result "1/2-1/2"]
[WhiteElo "2465"]
[BlackElo "2052"]
[PlyCount "61"]
[EventDate "2009.??.??"]

1. e4 e5 2. Nf3 Nc6 3. Bb5 a6 4. Ba4 Nf6 5. O-O b5 6. Bb3 Bb4 7. a4 Bb7 8. d3
d6 9. c3 Bc5 10. Na3 b4 11. Nc4 h6 12. d4 exd4 13. cxd4 Ba7 14. Qd3 Ne7 15. d5
O-O 16. Na5 Bc8 17. Bd2 c5 18. Nc4 Ng6 19. h3 Nd7 20. Nh2 Nde5 21. Nxe5 Nxe5
22. Qg3 Qf6 23. Kh1 c4 24. f4 cxb3 25. fxe5 Qxe5 26. Qxe5 dxe5 27. Bxb4 Re8 28.
Bc3 Bd7 29. Nf3 f6 30. Nd2 Rab8 31. Ra3 1/2-1/2

[Event "London Classic - FIDE Open"]
[Site "Olympia"]
[Date "2009.12.09"]
[Round "2.26"]
[White "Hodgson, John H"]
[Black "Berzinsh, Roland"]
[Result "0-1"]
[WhiteElo "2189"]
[BlackElo "2424"]
[PlyCount "118"]
[EventDate "2009.??.??"]

1. e4 g6 2. d4 Bg7 3. Nc3 d6 4. Nge2 Nf6 5. g3 O-O 6. Bg2 e5 7. O-O Nc6 8. dxe5
Nxe5 9. h3 Re8 10. Rb1 Bd7 11. f4 Nc6 12. g4 h5 13. g5 Nh7 14. a3 Rb8 15. Qd3
b5 16. b4 a6 17. Bb2 Ne7 18. Nd5 Nxd5 19. Qxd5 Be6 20. Qd2 Bxb2 21. Rxb2 Bc4
22. Re1 Nf8 23. Rbb1 Qc8 24. Rbd1 Qb7 25. Kh2 Qb6 26. Nc3 Rbd8 27. Bf1 Qc6 28.
Bxc4 Qxc4 29. Nd5 Nd7 30. Qd3 Qxd3 31. cxd3 Rc8 32. Rc1 c6 33. Nf6+ Nxf6 34.
gxf6 Re6 35. e5 dxe5 36. fxe5 Rd8 37. Re3 Rd4 38. Kg3 g5 39. Kf3 Kh7 40. Ke2
Kg6 41. Kd2 Kf5 42. Kc3 Rf4 43. d4 Re8 44. Kd3 Rd8 45. Rxc6 Rfxd4+ 46. Kc3 Rd2
47. e6 Kf4 48. e7 Kxe3 49. exd8=Q Rxd8 50. Rxa6 g4 51. hxg4 hxg4 52. a4 bxa4
53. Rxa4 Rc8+ 54. Kb3 g3 55. b5 g2 56. Ra1 Rg8 57. Rg1 Kf2 58. Rxg2+ Kxg2 59.
Kc4 Kf3 0-1

[Event "London Classic - FIDE Open"]
[Site "Olympia"]
[Date "2009.12.09"]
[Round "2.28"]
[White "Bellin, Robert"]
[Black "Tozer, Philip"]
[Result "1-0"]
[WhiteElo "2388"]
[BlackElo "2106"]
[PlyCount "63"]
[EventDate "2009.??.??"]

1. Nf3 e6 2. d3 d5 3. g3 Nf6 4. Bg2 Be7 5. O-O O-O 6. b3 c5 7. Bb2 Nc6 8. Nbd2
Qc7 9. e3 Rb8 10. d4 b6 11. Qe2 Nb4 12. Rfc1 Ba6 13. c4 cxd4 14. Nxd4 Rbc8 15.
a3 Nc6 16. Nxc6 Qxc6 17. Qd1 Qd7 18. cxd5 Nxd5 19. e4 Nf6 20. e5 Nd5 21. Ne4
Rfd8 22. Qg4 Kf8 23. Nd6 Bxd6 24. exd6 Nf6 25. Bxf6 gxf6 26. Rd1 Bb7 27. Qh4
Kg7 28. Rd4 f5 29. Qg5+ Kh8 30. Qf6+ Kg8 31. Bxb7 Qxb7 32. h4 1-0

[Event "London Classic - FIDE Open"]
[Site "Olympia"]
[Date "2009.12.09"]
[Round "2.29"]
[White "Bass, John W"]
[Black "Piper, Matthew S"]
[Result "0-1"]
[WhiteElo "2068"]
[BlackElo "2304"]
[PlyCount "88"]
[EventDate "2009.??.??"]

1. d4 Nf6 2. c4 e6 3. Nc3 Bb4 4. e3 c5 5. Bd3 Nc6 6. a3 Bxc3+ 7. bxc3 d6 8. Ne2
O-O 9. O-O e5 10. d5 Ne7 11. Ng3 Rb8 12. a4 Bd7 13. e4 Ng6 14. Nf5 Ne8 15. g3
b6 16. h4 Ne7 17. Bg5 f6 18. Bd2 a6 19. Qe2 Nxf5 20. exf5 Nc7 21. Rfb1 Qe8 22.
Qd1 e4 23. Bc2 Bxf5 24. Bf4 Qd7 25. Qd2 Rfe8 26. Re1 h5 27. f3 e3 28. Bxe3 Bxc2
29. Qxc2 b5 30. axb5 axb5 31. cxb5 Nxd5 32. Qb3 Qf7 33. Bf2 Rxe1+ 34. Rxe1 Nb6
35. Qe6 Nc4 36. Qxf7+ Kxf7 37. g4 hxg4 38. fxg4 Rxb5 39. Ra1 Rb7 40. Kg2 Ne5
41. Ra6 Nxg4 42. Bg3 Ne3+ 43. Kf3 Nf5 44. Bxd6 Rb3 0-1

[Event "London Classic - FIDE Open"]
[Site "Olympia"]
[Date "2009.12.09"]
[Round "2.30"]
[White "Collyer, Curt D"]
[Black "Seymour, Timothy P"]
[Result "1-0"]
[WhiteElo "2294"]
[BlackElo "2041"]
[PlyCount "63"]
[EventDate "2009.??.??"]

1. d4 f5 2. Nc3 Nf6 3. Bg5 d5 4. Bxf6 exf6 5. e3 Be6 6. Bd3 Nc6 7. a3 Qd7 8.
Qf3 Ne7 9. Nge2 c6 10. Na4 Nc8 11. Nc5 Bxc5 12. dxc5 g6 13. Nd4 b6 14. b4 Ne7
15. O-O Kf7 16. Rfd1 a5 17. cxb6 a4 18. Rac1 Rab8 19. c4 Rxb6 20. c5 Rbb8 21.
Qg3 Rhd8 22. b5 Qa7 23. bxc6 Rb2 24. c7 Ra8 25. Qd6 Bc8 26. Bb5 Qa5 27. Bd7
Bxd7 28. Qxd7 Qa6 29. c6 Qc8 30. Ne6 Ra5 31. Nd8+ Kf8 32. Qd6 1-0

[Event "London Classic - FIDE Open"]
[Site "Olympia"]
[Date "2009.12.09"]
[Round "2.31"]
[White "Lyell, Mark"]
[Black "Sagues, Vincent"]
[Result "1/2-1/2"]
[WhiteElo "2245"]
[BlackElo "1948"]
[PlyCount "117"]
[EventDate "2009.??.??"]

1. e4 e6 2. d4 d5 3. e5 c5 4. c3 Nc6 5. Nf3 Qb6 6. a3 Nh6 7. b4 cxd4 8. cxd4
Nf5 9. Bb2 Bd7 10. g4 Nfe7 11. Nc3 Na5 12. Qc2 Nc4 13. Bxc4 dxc4 14. Nd2 Qc6
15. Nce4 Nd5 16. Nxc4 Nb6 17. Ncd6+ Bxd6 18. Nxd6+ Ke7 19. Qxc6 Bxc6 20. Rg1
Nc8 21. b5 Bd5 22. a4 Nxd6 23. Ba3 Kd7 24. Bxd6 a6 25. b6 g6 26. Rc1 Rac8 27.
Rc7+ Rxc7 28. bxc7 h5 29. Kd2 hxg4 30. Rxg4 Rxh2 31. Rf4 Rh7 32. a5 Kc8 33. Kc3
Kd7 34. Kb4 Kc8 35. Kc5 Kd7 36. Kb6 Kc8 37. Ka7 Bc6 38. Kb6 Bd5 39. Be7 Kd7 40.
Bd8 Kc8 41. Kc5 Kd7 42. Kb4 Kc8 43. Kc3 Rh3+ 44. Kd2 Rh7 45. Ke3 Rh3+ 46. f3
Rh7 47. Kf2 Bc6 48. Kg3 Bd5 49. Rh4 Rxh4 50. Kxh4 Bxf3 51. Kg5 Bd5 52. Kf6 Bc4
53. Kxf7 g5 54. Ke7 g4 55. Kd6 g3 56. Bh4 g2 57. Bf2 Bd5 58. Bg1 Bc4 59. Bf2
1/2-1/2

[Event "London Classic - FIDE Open"]
[Site "Olympia"]
[Date "2009.12.09"]
[Round "2.32"]
[White "Dimitrijeski, Boris"]
[Black "Hoffmann, Piotr"]
[Result "1-0"]
[WhiteElo "2236"]
[BlackElo "1748"]
[PlyCount "110"]
[EventDate "2009.??.??"]

1. d4 Nf6 2. c4 e5 3. dxe5 Ne4 4. Nf3 Bb4+ 5. Nbd2 Qe7 6. a3 Bxd2+ 7. Bxd2 Nc6
8. Bf4 g5 9. Be3 g4 10. Nd4 d6 11. Nxc6 bxc6 12. Qd4 Qxe5 13. Qxe5+ dxe5 14. g3
Bd7 15. O-O-O Nd6 16. c5 Nf5 17. Bd2 Nd4 18. Bc3 Nb3+ 19. Kc2 Nxc5 20. Bxe5 Rg8
21. b4 Ne4 22. Bd4 Bf5 23. Kc1 a5 24. f3 Nd6 25. e4 Be6 26. Bg2 gxf3 27. Bxf3
Bg4 28. Rhf1 Bxf3 29. Rxf3 axb4 30. axb4 O-O-O 31. Bf6 Rde8 32. e5 Nc4 33. Re1
Re6 34. Re4 Nb6 35. Rh4 Nd5 36. Rxh7 Nxf6 37. Rxf6 Rge8 38. Rfxf7 Rxe5 39.
Rxc7+ Kb8 40. Rxc6 Rb5 41. Rc4 Re2 42. Rf4 Re8 43. Rhf7 Re2 44. Rg7 Re8 45. Kc2
Rbe5 46. Rd7 Re2+ 47. Rd2 Rc8+ 48. Kd1 Re3 49. Re2 Rb3 50. Ke1 Kb7 51. Kf2 Kb6
52. h4 Rcc3 53. Rg4 Rf3+ 54. Kg2 Kb5 55. Re5+ Ka4 1-0

[Event "London Classic - FIDE Open"]
[Site "Olympia"]
[Date "2009.12.09"]
[Round "2.33"]
[White "Chidi, Lovinia Sylvia"]
[Black "Osborne, Marcus E"]
[Result "0-1"]
[WhiteElo "1819"]
[BlackElo "2232"]
[PlyCount "86"]
[EventDate "2009.??.??"]

1. e4 e6 2. g3 d5 3. Bg2 dxe4 4. Bxe4 Nf6 5. Bg2 Nc6 6. d3 Bc5 7. Nf3 e5 8. O-O
Bg4 9. h3 Bf5 10. Nh4 Be6 11. c3 Qd7 12. b4 Be7 13. b5 Nd8 14. Nf3 Qxb5 15. a4
Qa5 16. c4 Nc6 17. Bd2 Bb4 18. Bxb4 Qxb4 19. Nbd2 Qd6 20. Ng5 O-O 21. Nxe6 Qxe6
22. Ne4 Nxe4 23. Bxe4 Qxh3 24. Bxc6 bxc6 25. Qf3 c5 26. Rfe1 Rae8 27. Re4 Qd7
28. Rae1 Qxa4 29. Kg2 f6 30. Rh4 Qd7 31. Reh1 h6 32. Qh5 Qxd3 33. Rd1 Qh7 34.
Rd7 Rd8 35. Qd1 Rxd7 36. Qxd7 g5 37. Qd5+ Qf7 38. Qxf7+ Kxf7 39. Rxh6 Kg7 40.
Rh1 a5 41. Ra1 Ra8 42. Ra4 g4 43. Kf1 Kf7 0-1

[Event "London Classic - FIDE Open"]
[Site "Olympia"]
[Date "2009.12.09"]
[Round "2.35"]
[White "Conquest, Stuart C"]
[Black "Valentine, Brian J"]
[Result "1-0"]
[WhiteElo "2563"]
[BlackElo "1978"]
[PlyCount "73"]
[EventDate "2009.??.??"]

1. c4 Nf6 2. Nc3 g6 3. e4 d6 4. d4 Bg7 5. Be2 O-O 6. Nf3 e5 7. O-O Nc6 8. d5
Ne7 9. b4 a5 10. Ba3 axb4 11. Bxb4 Nd7 12. a4 f5 13. a5 Kh8 14. Ra3 Nf6 15.
exf5 gxf5 16. c5 Ng6 17. cxd6 cxd6 18. Nd2 Rg8 19. Nc4 Bf8 20. Nb6 Rb8 21. Nb5
f4 22. Qc2 Nh4 23. g3 Bf5 24. Qc7 Rg7 25. Qxd8 Rxd8 26. Rc1 Ng6 27. Rc7 Rxc7
28. Nxc7 Be7 29. Rb3 Kg7 30. Ba3 fxg3 31. hxg3 Nh8 32. Nc4 Bc8 33. Ne6+ Bxe6
34. dxe6 Ne8 35. Rxb7 Kf6 36. Nb6 Kxe6 37. Bc4+ 1-0

[Event "London Classic - FIDE Open"]
[Site "Olympia"]
[Date "2009.12.09"]
[Round "2.36"]
[White "Slavin, Alexei"]
[Black "Boger, Raymond"]
[Result "1-0"]
[WhiteElo "2392"]
[BlackElo "1959"]
[PlyCount "81"]
[EventDate "2009.??.??"]

1. d4 Nf6 2. Nf3 g6 3. c4 Bg7 4. Nc3 O-O 5. Bg5 d6 6. e3 Nbd7 7. Be2 e5 8. dxe5
dxe5 9. Qc2 c6 10. Rd1 Qc7 11. Nd2 Re8 12. O-O Nf8 13. b4 Bf5 14. e4 Bd7 15.
Nb3 Ne6 16. Be3 h5 17. c5 Rad8 18. b5 cxb5 19. Nxb5 Bxb5 20. Bxb5 Rxd1 21. Rxd1
Rd8 22. Rxd8+ Qxd8 23. h3 Qc7 24. f3 Nd7 25. c6 a6 26. Bd3 bxc6 27. Bxa6 Nd4
28. Nxd4 exd4 29. Bd2 Qb6 30. Bd3 Bf8 31. Qb3 Qxb3 32. axb3 Ba3 33. Kf2 Kf8 34.
Bc4 Ke7 35. f4 f6 36. Ke2 Nc5 37. Kf3 f5 38. e5 Ne4 39. Be1 Bc1 40. Bd3 Nc5 41.
Bb4 1-0